000 00740nam a2200193 a 4500
005 20210223124614.0
008 020506s2002 mx r 000 0 spa d
020 _a9702603420
035 _aUPN01000117169
049 _aCG
050 4 _aQA76.76 T4.9
_bA2.6
245 0 0 _aAdobe Acrobat 5.0 :
_bcurso completo en un libro /
_ctr. Rebeca Alicia Sánchez López.
260 _aMéxico :
_bPearson Educación,
_cc2002.
300 _avii, 400 p. :
_bil. +
_e1 CD-ROM : son., col. ; 4 3/4 plg.
500 _a"Categoría: aplicaciones de computadora/autoedición. Nivel de usuario: intermedio"
534 _pTítulo original:
_tAdobe Acrobat 5.0 : Classroom in a book
650 4 _aXML (LENGUAJE DE MARCADO DE HIPERTEXTO)
_914643
905 _aLibro
999 _c89730
_d89730